000 01619nam a2200349 a 4500
001 BRCA_568
005 20190320203052.0
008 770916s2016----mx-a#####b---f000-0#spa-d
020 _a9789682319778 (Obra completa)
041 _aspa
044 _amx
050 4 _aF1211.H9
_b.H96 2016
100 1 _aHumboldt, Alexander von
_d1769-1859
_91958
245 1 0 _aVistas de las cordilleras y monumentos de los pueblos indígenas de América
_cAlexander von Humboldt ; coordinadores Charles Minguet y Jaime Labastida ; asesor artístico Jean-Paul Duviols.
250 _a2
260 _aMéxico
_bSiglo XXI
_c2016
300 _a2 v.
_bil. a color
_c35 cm.
500 _aIncluye índice alfabético de autores y obras, índice alfabético de materias e índice onomástico y de obras para el prólogo, introducción y notas de la presente edición
500 _aTraducción de : Vues des Cordillères et Monuments des Peuples Indigènes de l´Amérique
500 _aDonados por el Dr. Jaime Labastida Ochoa representante de la Academia Mexicana de la Lengua, 19-diciembre-2018
505 0 _aContenido : v.1. Texto. -- v.2. Láminas
650 1 4 _aIndígenas de México
_xAntigüedades
_9509
650 1 4 _aRegión de los Andes
_xAntigüedades
_9510
650 1 4 _aIndígenas de América del Sur
_xAntigüedades
_zRegión de los Andes
_9511
651 4 _aMéxico
_xDescripción y viajes
_9103
651 4 _aPerú
_xDescripción y viajes
_9512
653 0 _aViajeros extranjeros en México
700 1 _aMinguet, Charles
_91959
700 1 _aLabastida, Jaime
_91960
700 1 _aDuviols, Jean-Paul
_91961
942 _2lcc
_cB
999 _c498
_d498